| 000 | 00554nam a2200205 4500 | ||
|---|---|---|---|
| 003 | OSt | ||
| 005 | 20240628010425.0 | ||
| 006 | a | ||
| 008 | 240628b |||||||| |||| 00| 0 eng d | ||
| 020 | _a9788126134946 | ||
| 040 |
_aDWCL-Main lib. _cOC |
||
| 082 | _aCirc. 571.6 P123b 2008 | ||
| 100 | _aPadgaonkar, Sachin | ||
| 245 | _aBasics of cell biology / | ||
| 260 |
_aNew Delhi : _bAnnual Pub. Pvt. Ltd., _cc2008 |
||
| 300 |
_avii, _b316 p. : ill. ; _c22 cm. |
||
| 650 | _a1. Cells. | ||
| 650 | _a2. Cell biology. | ||
| 942 |
_2ddc _n0 _cBK-CIRC _kCirc. |
||
| 999 |
_c1538 _d1538 |
||